| 000 | 01796nam a22002537a 4500 | ||
|---|---|---|---|
| 001 | 8284 | ||
| 003 | FISKH | ||
| 005 | 20250908142259.0 | ||
| 008 | 250908b cb ||||| |||| 00| 0 eng d | ||
| 020 | _a9789996301902 | ||
| 040 |
_aFISKH _bkhr _cFISKH _dFISKH |
||
| 082 | _a800 | ||
| 100 | _aThayson, Annett | ||
| 245 |
_aផ្ទះរបស់បាបាប៉ាប៉ា / _cនិពន្ធដោយ អានណែត ថាយសិន និង ថែលើសថែឡរ ប្រែសម្រួលជាភាសាខ្មែរដោយ អ្នកស្រី ម៉ុង គីមណា |
||
| 260 |
_aPhnom Penh : _bOpen Books, _c2017. |
||
| 300 |
_a34 pages : _bcolor illustrations ; _c18 x 24 cm |
||
| 505 | _aG | ||
| 520 | _aការជួបប្រទះនឹងបាបាប៉ាប៉ា គឺពិតជាអស្ចារ្យមែន ។ គ្រប់គ្នាពិតជាចូលចិត្តការបង្កើតថ្មីជាពិសេសក្រុមបាបាប៉ាប៉ាមានភាពរួសរាយរាក់ទាក់ ចិត្តល្អ និងស្មោះត្រង់ណាស់ ។ គាត់អាចផ្លាស់ប្ដូររូបរាងទៅតាមទំរង់ផ្សេងៗ នឹងអាចដោះស្រាយបញ្ហាទាំងពួងទៀតផង។ | ||
| 520 | _aMeeting Barbapapa is truly wonderful. Everyone really enjoys his creativity, especially since the Barbapapa family is friendly, kind, and very honest. He can change his shape into different forms and can also solve various problems. | ||
| 521 | 8 |
_a370
_bLexile estimate |
|
| 521 | 8 |
_aG
_bRaz-Plus |
|
| 942 |
_2ddc _cKHB _n0 |
||
| 999 |
_c8284 _d8284 |
||